| 000 | 00531nam a2200145 i 4500 | ||
|---|---|---|---|
| 001 | 52754 | ||
| 003 | ES-MaACL | ||
| 007 | t| | ||
| 008 | 030903s1914 sp ||||1| spa d | ||
| 100 | 1 |
_aDecref y Ruiz, Joaquín. _943185 |
|
| 245 | 1 | 0 |
_aKinesiterapia _b: manual de ténica de amasamiento y gimnasia médica y sus aplicaciones a las enfermedades del aparato locomotor / _cpor Joaquín Decref y Ruiz. |
| 260 |
_aMadrid : _bAdrián Romo, _c1914 ( _fLa editora) |
||
| 300 |
_aVI, 255 p. : _bil. ; _c17 cm. |
||
| 852 |
_aES-MaACL _jG-15349 |
||
| 999 |
_c52754 _d52754 |
||